An investigation into the pronunciation of the fricatives /θ/ and /ð/ experienced by the students at Thai Phien high school - problems and solutions

Đã lưu trong:
Sonraí Bibleagrafaíochta
Príomhúdar: Mai, Thị Thanh Hằng.
Formáid: Neamhaithnid
Teanga:English
Foilsithe: Đà Nẵng : Đại học Đà Nẵng, 2010.
Ábhair:
Clibeanna: Cuir Clib Leis
Gan Chlibeanna, Bí ar an gcéad duine leis an taifead seo a chlibeáil!
Thư viện lưu trữ: Mạng thư viện Đại học Đà Nẵng
LEADER 01962na a2200325 4500
001 000031743
003 7048
005 20230815083117.0
008 151001s2010 000 eng
040 |a LNN 
041 |a ENG 
082 |a 420.41  |b MA-H 
100 1 |a Mai, Thị Thanh Hằng. 
245 1 3 |a An investigation into the pronunciation of the fricatives /θ/ and /ð/ experienced by the students at Thai Phien high school - problems and solutions  |h [Thesis-Luận văn thạc sĩ] /  |c Mai Thị Thanh Hằng. 
260 |a Đà Nẵng :  |b Đại học Đà Nẵng,  |c 2010. 
300 |a  ;  |c 29 cm. +  |e 1 tóm tắt. 
500 |a Luận văn thạc sĩ. 
630 0 4 |a Tiếng Anh. 
650 0 4 |a English languages  |x Pronunciation. 
OWN |a LNN 
AVA |a UDN50  |b LNN  |c English  |d 420.41 MA-H  |e available  |t Error 5001 Not defined in file expand_doc_bib_avail.  |f 1  |g 0  |h N  |i 0  |j AN  |k 1 
Z40 3 |y An investigation into the pronunciation of the fricatives /θ/ and /ð/ experienced by the students  |l Library of UFL  |t VIEW  |x http://catalog.udn.vn:80/F?func=service&doc_library=UDN01&local_base=UDN01&doc_number=000031743&sequence=000001&line_number=0001&func_code=DB_RECORDS&service_type=MEDIA  |f luanvan-tt-MaiThiThanhHang_000033686.pdf  |e pdf  |s 001099724  |k 20240415  |m NTMTHI 
999 |a From the UDN01 
AVA |a UDN50  |b LNN  |c English  |d 420.41 MA-H  |e available  |t Error 5001 Not defined in file expand_doc_bib_avail.  |f 1  |g 0  |h N  |i 0  |j AN  |k 1 
TYP |a Printed language 
856 |y An investigation into the pronunciation of the fricatives /θ/ and /ð/ experienced by the students  |l Library of UFL  |t VIEW  |x http://catalog.udn.vn:80/F?func=service&doc_library=UDN01&local_base=UDN01&doc_number=000031743&sequence=000001&line_number=0001&func_code=DB_RECORDS&service_type=MEDIA  |f luanvan-tt-MaiThiThanhHang_000033686.pdf  |e pdf  |s 001099724  |k 20240415  |m NTMTHI 
980 |a Mạng thư viện Đại học Đà Nẵng